00446nam a2200133Ia 4500008004100000020001800041082001600059100002100075245012500096260002300221300001100244650002200255700003500277120622s9999 xx 000 0 und d a968-24-2544-1 a304.23 E57c aEngstrom, Ted W. aCómo aprovechar el tiempo : normas prácticas relativas al uso eficaz del tiempo / Ted W. Engstrom, R. Alec Mackenzie aMéxico : Trillas a162 p. a1. USO DEL TIEMPO aMackenzie, R. Alec ; coaut.Ì